| 000 | 01558cam a22003977a 4500 | ||
|---|---|---|---|
| 003 | CHAP | ||
| 005 | 20220329141911.0 | ||
| 008 | 980508d1998 us r 00110 eng d | ||
| 010 | _a75479 | ||
| 011 | _a76451 | ||
| 020 | _a1878367315 | ||
| 035 | _a86036 | ||
| 040 | _cCHAP | ||
| 082 | 0 | 4 |
_a333.0972 _bC67 |
| 100 | 0 | 0 |
_aCornelius, Wayne A. _eed. _928037 |
| 245 | 1 | 4 |
_aThe transformation of rural Mexico : _breforming the ejido sector _c/ed. by Wayne A. Cornelius and David Myhre |
| 260 |
_aSan Diego , Ca. : _bUniversity of California. Center of U.S. Mexican Studies, _c1998. |
||
| 300 | _a437 p. | ||
| 410 | 2 | 1 | _aUniversity of California. Center for U. S.-Mexican Studies |
| 490 | 0 |
_aU.S. México contemporary perspectives series _v; 12 |
|
| 590 |
_aBATCH-UPD _b10 _c20130110 _lUCH01 _h0722 |
||
| 590 |
_aBATCH-UPD _b10 _c20130110 _lUCH01 _h2339 |
||
| 590 |
_aBATCH-UPD _b10 _c20130410 _lUCH01 _h0406 |
||
| 590 |
_aBATCH-UPD _b10 _c20130914 _lUCH01 _h1049 |
||
| 590 |
_aCONVERSION _b10 _c20130109 _lUCH01 _h1341 |
||
| 650 | 1 | 4 |
_aEjidos _zMéxico. _936039 |
| 650 | 1 | 4 |
_aReforma agraria _zMéxico. _995596 |
| 700 | 0 |
_aMyhre, David _eed. _979949 |
|
| 810 | 0 | 0 |
_aUniversity of California. Center for U. S.-Mexican Studies _9116706 |
| 830 | 0 | 0 |
_aU.S. México contemporary perspectives series _v; 12 _9115786 |
| 901 | _aBK | ||
| 905 | _aAlejandra Carrasco M. | ||
| 942 | _cLIBRO | ||
| 949 |
_a333.0972 C67 _bBC _cLIBRO _d33724000688198 _eLIBRO _h93233 _i86036 _sb _tDonaciØn |
||
| 949 |
_a333.0972 C67 _bBC _cLIBRO _d33724000781290 _eLIBRO _fc.2 _h96714 _i86036 _si _tDonaciØn |
||
| 999 |
_c75479 _d75479 |
||